Oligarquía y caciquismo como la forma actual de gobierno en España (Record no. 81139)

000 -CABECERA
campo de control de longitud fija 00568nam#a2200193#c#4500
003 - IDENTIFICADOR DEL NÚMERO DE CONTROL
campo de control IEF
005 - FECHA Y HORA DE LA ÚLTIMA TRANSACCIÓN
campo de control 20180219163415.0
008 - CÓDIGOS DE INFORMACIÓN DE LONGITUD FIJA
campo de control de longitud fija 950601s1982 uuu####fr####| 0||u| |u
040 ## - FUENTE DE LA CATALOGACIÓN
Centro catalogador de origen IEF
100 1# - PUNTO DE ACCESO PRINCIPAL - NOMBRE DE PERSONA
Nombre de persona Costa Martínez, Joaquín
9 (RLIN) 11370
245 ## - MENCIÓN DE TÍTULO
Título Oligarquía y caciquismo como la forma actual de gobierno en España
Mención de responsabilidad etc. Joaquín Costa Martínez; prólogo de Alberto Gil Novales
260 ## - PUBLICACIÓN, DISTRIBUCIÓN, ETC. (PIE DE IMPRENTA)
Lugar de publicación distribución etc. Zaragoza
Nombre del editor distribuidor etc. Guara
Fecha de publicación distribución etc. 1982
300 ## - DESCRIPCIÓN FÍSICA
Extensión 2 v.
Dimensiones 21 cm.
490 ## - MENCIÓN DE SERIE
Mención de serie Obras;4-5
700 1# - PUNTO DE ACCESO ADICIONAL--NOMBRE DE PERSONA
Nombre de persona Gil Novales, Alberto
9 (RLIN) 18262
942 ## - ELEMENTOS DE PUNTO DE ACCESO ADICIONAL (KOHA)
Tipo de ítem Koha Libros
942 ## - ELEMENTOS DE PUNTO DE ACCESO ADICIONAL (KOHA)
-- 48325
Holdings
Estado de retiro Estado de pérdida Estado dañado No para préstamo Localización permanente Fecha de adquisición Signatura topográfica completa Código de barras Fecha visto por última vez Precio válido a partir de Tipo de ítem Koha
      Disponible para préstamo IEF 1995-06-01 45861 45861 2018-02-19 2018-02-19 Libros
      Disponible para préstamo IEF 1995-06-01 45860 45860 2018-02-19 2018-02-19 Libros

Powered by Koha